| 000 | 01318cgm a2200301 4500 | ||
|---|---|---|---|
| 001 | M94633 | ||
| 008 | 090401t1998 xxu||||| |||| 00| 0 eng d | ||
| 020 | _a1899769420 | ||
| 035 | _a(Sirsi) u89256 | ||
| 041 | _aeng | ||
| 050 | _a336.271 | ||
| 100 | _aJohnson, Tony | ||
| 245 | _aVAT on land and buildings : a CPD study pack. | ||
| 250 | _a4th ed. | ||
| 260 |
_aReading _bCollege of Estate Management _c1998 |
||
| 300 |
_av,23p. _c30cm. + 1 audio cassette (ca. 60 min.) |
||
| 350 | _a36.5 | ||
| 490 | _aCollege of Estate Management CPD Study Pack | ||
| 520 | _aThis pack offers an update on the complex and changing topic of Value Added Tax, particularly as far as it affects transactions of land and buildings. It gives a working outline of the principles underlying this tax concept, together with case studies covering the impact of the most recent financial legislation affecting VAT. | ||
| 520 | _aAccompanied by the Owlion Audio Programme entitled "VAT and the property industry" which is available to borrow separately (E2516). | ||
| 520 | _aSuperseded by fifth edtion (ISBN 189976934X). | ||
| 650 | _aVALUE ADDED TAX | ||
| 690 | _aTAXATION | ||
| 710 |
_aCollege of Estate Management _9400 |
||
| 710 |
_aRoyal Institution of Chartered Surveyors _94900 |
||
| 942 | _n0 | ||
| 948 | _c23/10/1998 | ||
| 999 |
_c85378 _d85378 |
||